Statistics for Letters of the Lithuanian alphabet

Click here to take the quiz!

General Stats

  • This quiz has been taken 81 times
  • The average score is 16 of 32

Answer Stats

Letter% Correct
A
100%
B
88%
C
88%
Ą
86%
Č
82%
D
82%
E
82%
Ę
78%
Ė
76%
F
76%
G
73%
H
73%
I
73%
Į
59%
K
39%
J
39%
L
37%
Y
35%
M
33%
N
33%
O
33%
P
31%
R
31%
T
29%
S
29%
Š
29%
U
27%
Ų
25%
Ū
22%
V
18%
Z
16%
Ž
14%

Score Distribution

Percentile by Number Answered

Percent of People with Each Score

Your Score History

You have not taken this quiz